La séparation entre théologie et spiritualité (notice n° 1620383)

détails MARC
000 -LEADER
fixed length control field 01506cam a2200169 4500500
005 - DATE AND TIME OF LATEST TRANSACTION
control field 20260111091136.0
041 ## - LANGUAGE CODE
Language code of text/sound track or separate title fre
042 ## - AUTHENTICATION CODE
Authentication code dc
100 10 - MAIN ENTRY--PERSONAL NAME
Personal name Verdeyen, Paul
Relator term author
245 00 - TITLE STATEMENT
Title La séparation entre théologie et spiritualité
260 ## - PUBLICATION, DISTRIBUTION, ETC.
Date of publication, distribution, etc. 2005.<br/>
500 ## - GENERAL NOTE
General note 16
520 ## - SUMMARY, ETC.
Summary, etc. L’auteur pense que le divorce entre la théologie et la spiritualité s’est manifesté pour la première fois au cours du douzième siècle. Il mentionne surtout le conflit qui a opposé Bernard de Clairvaux à Maître Abélard pendant le concile de Sens (1140). De nos jours, on multiplie les instituts de spiritualité. Mais il faudrait surtout approfondir le sens de la connaissance théologique. L’A. donne comme exemple la réflexion originale de Guillaume de Saint-Thierry (1075-1148).
520 ## - SUMMARY, ETC.
Summary, etc. The first manifestation of a divorce between theology and spirituality dates back to the XIIth century. He refers, in the first place, to the conflict which arose between Abelard and Bernard of Clairvaux, at the Council of Sens, in 1140. While the number of institutes for spirituality is steadily increasing, the need of the day seems to be a deepened sense of theological knowledge. In this context, the A. deems relevant the original reflexion of Guillaume de Saint-Thierry (1075-1148).
786 0# - DATA SOURCE ENTRY
Note Nouvelle revue théologique | 127 | 1 | 2005-01-03 | p. 62-75 | 0029-4845
856 41 - ELECTRONIC LOCATION AND ACCESS
Uniform Resource Identifier <a href="https://shs.cairn.info/revue-nouvelle-revue-theologique-2005-1-page-62?lang=fr&redirect-ssocas=7080">https://shs.cairn.info/revue-nouvelle-revue-theologique-2005-1-page-62?lang=fr&redirect-ssocas=7080</a>

Pas d'exemplaire disponible.

PLUDOC

PLUDOC est la plateforme unique et centralisée de gestion des bibliothèques physiques et numériques de Guinée administré par le CEDUST. Elle est la plus grande base de données de ressources documentaires pour les Étudiants, Enseignants chercheurs et Chercheurs de Guinée.

Adresse

627 919 101/664 919 101

25 boulevard du commerce
Kaloum, Conakry, Guinée

Réseaux sociaux

Powered by Netsen Group @ 2025